| 000 | 01109nam a22002057a 4500 | ||
|---|---|---|---|
| 003 | NALT | ||
| 005 | 20260112122251.0 | ||
| 008 | 211028b th ||||| |||| 00| 0 tha d | ||
| 040 | _aNALT | ||
| 050 |
_aJQ 1746.Z13O73 _bม122ก 2564 |
||
| 100 | 0 |
_954712 _aมณฑล เลิศทนงเดช |
|
| 245 | 1 | 0 |
_aความผูกพันต่อองค์การของบุคลากรสำนักงานเลขาธิการสภาผู้แทนราษฎร / _cมณฑล เลิศทนงเดช. |
| 260 |
_aกรุงเทพฯ : _bมหาวิทยาลัยเกษตรศาสตร์, _c2564. |
||
| 300 |
_a122 หน้า : _bตาราง, แผนภาพ ; _c30 ซม. + _eซีดีรอม 1 แผ่น |
||
| 650 | 4 |
_955167 _aข้าราชการรัฐสภา _xความผูกพันต่อองค์การ |
|
| 850 | _aNALT | ||
| 942 |
_cRSH _2lcc |
||
| 998 |
_abijaya _c103 _j8 _k นายบัณฑิต อุทาวงค์ |
||
| 999 |
_c98565 _d98565 |
||